| 000 | 00642nam a2200217 4500 | ||
|---|---|---|---|
| 001 | 148199 | ||
| 003 | ES-MaACL | ||
| 005 | 20230906202505.0 | ||
| 007 | t| | ||
| 008 | 070214s1957 sp r ||||1| spa d | ||
| 100 | 1 |
_aStandish, Robert. _9107891 |
|
| 245 | 1 | 0 |
_aFoco de tempestades / _cRobert Standish ; versión española de Ana María de Foronda. |
| 250 | _a1ª. ed. | ||
| 260 |
_aBarcelona : _bLuis de Caralt, _c1957. |
||
| 300 |
_a311 p. ; _c20 cm. |
||
| 490 | 1 | _aCol. la sirena | |
| 700 | 1 |
_aForonda, Ana-María de. _951800 |
|
| 830 | 0 |
_aCol. la sirena _9220985 |
|
| 852 |
_aES-MaACL _jC-13830 _bR.41377 |
||
| 999 |
_c148199 _d148199 |
||